Estacionamientos

Guardat en:
Dades bibliogràfiques
Autor principal: Cal y Mayor Reyes Spíndola, Rafael (Autor)
Format: Llibre
Idioma:espanyol
Publicat: Ciudad de México Representaciones y Servicios de Ingeniería 1986
Edició:1a. ed
Matèries:
Etiquetes: Afegir etiqueta
Sense etiquetes, Sigues el primer a etiquetar aquest registre!

MARC

LEADER 00000nam a2200000 a 4500
001 UCK4567
003 CL-VaPUC
008 050610e19860000MX |||||||||||||||||spa|d
020 |a 9686062947 
082 0 4 |a 388.474  |b CAL  |2 21 
100 0 |a Cal y Mayor Reyes Spíndola, Rafael  |e author  |9 493116 
245 1 0 |a Estacionamientos 
250 |a 1a. ed 
300 |a 156 p 
942 |c BK 
945 |d 20050610 00:00:00  |a jcarroza 
260 |a Ciudad de México  |b Representaciones y Servicios de Ingeniería  |c 1986 
650 7 |a ESTACIONAMIENTOS  |2 CL-VaPUC  |9 493117 
650 0 |a Transporte urbano  |9 260307 
583 |a last modification  |c 20050610 00:00:00  |k Rodrigo Vera 
999 |c 313394  |d 313392 
952 |0 0  |1 0  |4 0  |6 388_474000000000000_CAL_1986  |7 0  |8 A  |9 384723  |a BIBING  |b BIBING  |d 2019-11-22  |i 4029348  |o 388.474 CAL 1986  |p 4029348  |r 2025-01-20  |w 2019-11-22  |y BK  |k TRA